Lenguaje y comunicación 6: Sexto año de Educación General Básica, NB4

Gespeichert in:
Bibliographische Detailangaben
1. Verfasser: Fernández Fraile, Maximino (VerfasserIn)
Format: Buch
Sprache:Spanisch
Veröffentlicht: Santiago EDEBE 2000
Schlagworte:
Tags: Tag hinzufügen
Keine Tags, Fügen Sie den ersten Tag hinzu!

MARC

LEADER 00000nam a2200000 a 4500
001 UCN7828
003 CL-VaPUC
008 011026e20000000CL |||||||||||||||||spa|d
082 0 4 |a 372.6  |b FER  |2 21 
100 0 |a Fernández Fraile, Maximino  |e author  |9 463973 
245 1 0 |a Lenguaje y comunicación 6: Sexto año de Educación General Básica, NB4 
300 |a 226 p 
942 |c BK 
945 |d 20011026 00:00:00  |a cmena 
260 |a Santiago  |b EDEBE  |c 2000 
650 0 |a Educación básica   |9 224933 
650 0 |a Enseñanza del lenguaje  |9 373325 
650 0 |a Comunicación   |9 257251 
650 0 |a Métodos de enseñanza  |9 270413 
583 |a last modification  |c 20011026 00:00:00  |k Rodrigo Vera 
999 |c 298024  |d 298022 
952 |0 0  |1 0  |4 0  |6 372_600000000000000_FER_2000  |7 0  |8 P  |9 353215  |a BIBEDU  |b BIBEDU  |c BIBEDU_PB  |d 2019-11-21  |i 3765865  |o 372.6 FER 2000  |p 3765865  |r 2024-01-25  |w 2019-11-21  |y BK  |k BME